U vás je vždycky tak strašně ticho /
Existuje mnoho způsobů, jak vyprávět příběh. Ale jen jeden všechno změní.Ildingen, 50. léta 20. stoletíEvelína Borowská má vše, o čem kdy snila: dům se zahradou, starostlivého manžela a vytouženou dceru Silvii. Navzdory tomu však není šťastná. Stýská se jí po práci lékařky a v tomto malém jihoněmeck...
Uloženo v:
| Hlavní autor: | |
|---|---|
| Médium: | E-kniha |
| Jazyk: | Czech |
| Vydáno: |
Praha :
Knihy Dobrovský,
2026
|
| Tagy: |
Žádné tagy |
| LEADER | 02117nam a22002297i 4500 | ||
|---|---|---|---|
| 001 | 297717 | ||
| 007 | ta | ||
| 008 | 260423s2026 xr ||||| |||| 00| 0 cze d | ||
| 020 | |a 9788027743186 | ||
| 044 | |a xr | ||
| 100 | 1 | |a Schröder, Alena |4 aut | |
| 245 | 1 | 0 | |a U vás je vždycky tak strašně ticho / |c Schröder, Alena |
| 264 | 1 | |a Praha : |b Knihy Dobrovský, |c 2026 | |
| 300 | |a 1 online zdroj (304 stran) | ||
| 336 | |a text |b txt |2 rdacontent | ||
| 337 | |a bez média |b n |2 rdamedia | ||
| 338 | |a online zdroj |b cr |2 rdacarrier | ||
| 520 | 2 | |a Existuje mnoho způsobů, jak vyprávět příběh. Ale jen jeden všechno změní.Ildingen, 50. léta 20. stoletíEvelína Borowská má vše, o čem kdy snila: dům se zahradou, starostlivého manžela a vytouženou dceru Silvii. Navzdory tomu však není šťastná. Stýská se jí po práci lékařky a v tomto malém jihoněmeckém městečku se cítí jako outsider. A Betti, její kamarádka a švagrová, způsobuje spoustu problémů svým ostrým jazykem a bezohlednou jízdou.1989Berlín spěje k historické změně, k novému začátku. Silvie Borowská ale dělá krok zpět. V ukradeném autě uhání ze Západního Berlína směrem na jih. Na sedadle spolujezdce leží v košíku na prádlo její malá dcerka Hana. Je jí teprve několik týdnů. Silvie už má dost života ve squatu a otec jejího dítěte o nich už také nechce nikdy slyšet. Ale co ji čeká v tom provinčním městečku, které před mnoha lety tak náhle opustila? A jak ji přijme její matka Evelína?Alena Schröder vypráví to, co v jejím oceňovaném románovém debutu Dívka v modrých šatech v podvečerním světle zůstalo nevyřčeno. | |
| 910 | |a RBIT002 | ||
| 998 | |d 426315 |a https://core.palmknihy.cz/api/books/426315/cover?tdvtqp |b https://core.palmknihy.cz/api/books/426315/cover/400?tdvtqp |c https://core.palmknihy.cz/api/books/426315/cover/50?tdvtqp |e |g 304 |i 9788027743186 |j https://core.palmknihy.cz/api/books/426315/preview.epub |k https://core.palmknihy.cz/api/books/426315/preview.pdf |l |q 49 |r 1 |s https://www.palmknihy.cz/kniha/426315 |t ebook |y 2026 |z 1 | ||
| 999 | |d 297715 | ||